header

The cross and the star (Record no. 58928)

MARC details
000 -LEADER
fixed length control field 01524nam a2200349Ia 4500
245 04 - TITLE STATEMENT
Title The cross and the star
260 ## - PUBLICATION, DISTRIBUTION, ETC. (IMPRINT)
Place of publication Newcastle upon Tyne :
Name of publisher Cambridge Scholars Pub.,
Year of publication 2009.
300 ## - PHYSICAL DESCRIPTION
Number of Pages xxvi, 418 p.
650 #0 - SUBJECT ADDED ENTRY--TOPICAL TERM
Topical Term Philosophy and religion
Topical Term Jewish philosophy
Topical Term Philosophy, German
700 1# - ADDED ENTRY--PERSONAL NAME
Personal name Cristaudo, Wayne,
Personal name Huessy, Frances.
856 40 - ELECTRONIC LOCATION AND ACCESS
Uniform Resource Identifier http://site.ebrary.com/lib/rucke/Doc?id=10677183

No items available.

© 2026 Rongo University
Contact us: librarian | system librarian | Rongo university